LEADER 01064nam a2200229 i 4500 001 000000043772 003 CaOOAMICUS 005 20090916000000.0 008 090916s1933 gw u000 u ger u 013 $a14942 040 $aSeMil$bita 100 1 $aEhrle, Franz,$c.$0(OLS)http://semarc/name/9802 245 14$aDie Scholastik und ihre Aufgaben in unserer Zeit :$bGrundsätzliche Bemerkungen zu ihrer Charakteristik /$cvon Franz Ehrle. 250 $a2., vermehrte Aufl. 260 $aFreiburg im Breisgau :$bHerder & Co.,$c1933. 300 $aX, 99 p. ;$c21 cm. 650 4$aScolastica.$0(OLS)http://semarc/subject/210 700 1 $aPelster, Franz .$0(OLS)http://semarc/name/90502 850 $aSeMil 852 $aSeMil$W1$xVenegono$y1$m2B III 106$j9927$B9927$CSeMilBibl$Z2$F9927 $81 996 $6245$aDie Scholastik und ihre Aufgaben in unserer Zeit :$bGrundsätzliche Bemerkungen zu ihrer Charakteristik$9(OLS)http://semarc/title/64438 996 $6260$aFreiburg im Breisgau :$bHerder & Co.$9(OLS)http://semarc/publisher/29979 LEADER 01241nam a2200253 i 4500 001 000000178026 003 CaOOAMICUS 005 20090609000000.0 008 090609s1986 it u000 u ita u 013 $a155595 040 $aSeMil$bita 100 1 $aMotta, Letizia.$0(OLS)http://semarc/name/66195 245 12$aL'azione catechetica di mons. Pietro Luigi Speranza vescovo di Bergamo (1853-1879) /$cCandidato Letizia Motta ; Relatore prof. Angelo Giuliani. 260 $a[S.l. :$bs.n.,$c1986] 300 $a92 c., [26] c. ;$c30 cm. 500 $aIn testa al front. : Istituto Regionale Lombardo di Pastorale, Milano. - A piè del front. : Milano 1985-1986. 650 4$aTesi di laurea.$0(OLS)http://semarc/subject/1690 650 4$aSperanza, Pietro Luigi .$0(OLS)http://semarc/subject/33989 700 1 $aGiuliani, Angelo .$0(OLS)http://semarc/name/50028 850 $aSeMil 852 $aSeMil$W1$xVenegono$y1$m4X VII 8$j128820$B128820$CSeMilBibl$Z2$F142120 $8L 961 $aOmaggio: Giuliani don Angelo 996 $6245$aL'azione catechetica di mons. Pietro Luigi Speranza vescovo di Bergamo (1853-1879)$9(OLS)http://semarc/title/255689 996 $6260$a[S.l. :$bs.n.$9(OLS)http://semarc/publisher/31686